| 000 | 00426cam a2200169ua 4500 | ||
|---|---|---|---|
| 001 | 11363 | ||
| 008 | 190914n ii |||gr||||Z||||||eng | ||
| 040 | _cMAIN | ||
| 082 | _a821.5 | ||
| 100 |
_aAlexander Pope, _eAuthor. |
||
| 245 |
_aPope`s Rape of the lock _cEdited by George Holden |
||
| 260 |
_aDelhi: _bSurjeet Publications, _c2016. |
||
| 300 | _a102p. | ||
| 653 | _aEnglish poetry | ||
| 653 | _aEpic poetry | ||
| 942 | _cBK | ||
| 999 |
_c10206 _d10206 |
||